The Protégé 2021 / directed by Martin Campbell ; written by Richard Wenk ; produced by Arthur Sarkissian [and four others]. (Record no. 20846)

000 -LEADER
fixed length control field 01303nam a2200277 4500
008 - FIXED-LENGTH DATA ELEMENTS--GENERAL INFORMATION
fixed length control field 250527b xxu||||| |||| 00| 0 eng d
040 ## - CATALOGING SOURCE
Original cataloging agency Cagayan State University
Description conventions RDA
082 ## - DEWEY DECIMAL CLASSIFICATION NUMBER
Classification number 791.4372
Item number P9674 2021
245 ## - TITLE STATEMENT
Title The Protégé 2021 / directed by Martin Campbell ; written by Richard Wenk ; produced by Arthur Sarkissian [and four others].
Remainder of title
300 ## - PHYSICAL DESCRIPTION
Extent 1 videofile (ca. 109 mins.) :
Other physical details sound, color.
520 ## - SUMMARY, ETC.
Summary, etc Rescued as a child by the legendary assassin Moody, Anna is the world's most skilled contract killer. However, when Moody is brutally killed, she vows revenge for the man who taught her everything she knows. As Anna becomes entangled with an enigmatic killer, their confrontation turns deadly, and the loose ends of a life spent killing weave themselves ever tighter.
650 ## - SUBJECT ADDED ENTRY--TOPICAL TERM
Topical term or geographic name as entry element Action.
650 ## - SUBJECT ADDED ENTRY--TOPICAL TERM
Topical term or geographic name as entry element Thrilller.
700 ## - ADDED ENTRY--PERSONAL NAME
Personal name Keaton, Michael, star.
700 ## - ADDED ENTRY--PERSONAL NAME
Personal name Q, Maggie, star.
700 ## - ADDED ENTRY--PERSONAL NAME
Personal name Jackson, Samuel, L., star.
700 ## - ADDED ENTRY--PERSONAL NAME
Personal name Malahide, Patrick, star.
700 ## - ADDED ENTRY--PERSONAL NAME
Personal name Rintoul, David, star.
700 ## - ADDED ENTRY--PERSONAL NAME
Personal name Pfeffer, Ori, star.
700 ## - ADDED ENTRY--PERSONAL NAME
Personal name Fearon, Ray, star.
700 ## - ADDED ENTRY--PERSONAL NAME
Personal name Loncq, Caroline, star.
700 ## - ADDED ENTRY--PERSONAL NAME
Personal name Patrick, Robert, star.
700 ## - ADDED ENTRY--PERSONAL NAME
Personal name Tattersall, David, cinematographer.
700 ## - ADDED ENTRY--PERSONAL NAME
Personal name Catanzaro, Angela M., editor.
942 ## - ADDED ENTRY ELEMENTS (KOHA)
Source of classification or shelving scheme
Item type Audio-Visual Materials
Holdings
Source of acquisition Price effective from Permanent location Date last seen Not for loan Date acquired Source of classification or shelving scheme Koha item type Collection code Shelving location Damaged status Lost status Withdrawn status Current location Full call number
Donation2025-05-27Cagayan State University - Carig Library2025-05-27 2025-05-27 Audio-Visual MaterialsElectronic Media CenterElectronic Media Center   Cagayan State University - Carig Library791.4372 P9674 2021

Cagayan State University University Library, Carig Campus
Tuguegarao City, Cagayan 3500 | www.csucarig.edu.ph

Powered by Koha